La gran degeneración. Cómo decaen las instituciones y mueren las economías
Saved in:
| Hovedforfatter: | |
|---|---|
| Andre forfattere: | |
| Format: | Bog |
| Sprog: | engelsk spansk |
| Udgivet: |
Buenos Aires, Argentina
Random House Mondadori S. A
2013
|
| Udgivelse: | Primera edición |
| Fag: | |
| Tags: |
Tilføj Tag
Ingen Tags, Vær først til at tagge denne postø!
|
MARC
| LEADER | 00000nam a22000007a 4500 | ||
|---|---|---|---|
| 003 | CL-VaPUC | ||
| 005 | 20240416160718.0 | ||
| 008 | 210525b ||||| |||| 00| 0 eng d | ||
| 999 | |c 432994 |d 432992 | ||
| 020 | |a 9789871786671 | ||
| 040 | |c Pontificia Universidad Católica de Valparaíso | ||
| 041 | 0 | |a spa | |
| 082 | 0 | |2 21 |a 330.904 FER 2013 | |
| 100 | 1 | |a Ferguson, Niall |e autor |9 604765 | |
| 245 | 1 | 3 | |a La gran degeneración. |b Cómo decaen las instituciones y mueren las economías |
| 250 | |a Primera edición | ||
| 260 | 3 | |a Buenos Aires, Argentina |b Random House Mondadori S. A |c 2013 | |
| 300 | |a 203 páginas | ||
| 500 | |a c.1 -2 Donación VRA N. Vásquez L. | ||
| 583 | |c 20210525 |k Daniel Castañeda | ||
| 650 | 0 | 0 | |a Historia económica |x Países desarrollados |y Siglo 20 |9 307218 |
| 650 | 0 | 0 | |9 392876 |a Crisis económica |x Instituciones políticas |x Cambio social |y Siglo 20 |
| 700 | |a Ramos Mena, Francisco José |e traductor |9 861001 | ||
| 942 | |2 ddc |c BK | ||
| 952 | |0 0 |1 0 |2 ddc |4 0 |6 330_904000000000000_FER_2013 |7 0 |8 A |9 577871 |a BIBHIS |b BIBHIS |d 2021-05-25 |i 5621380 |o 330.904 FER 2013 |p 5621380 |r 2025-01-20 |t 1 |w 2021-05-25 |y BK |k HIS | ||
| 952 | |0 0 |1 0 |2 ddc |4 0 |6 330_904000000000000_FER_2013 |7 0 |8 A |9 577916 |a BIBHIS |b BIBHIS |d 2021-05-27 |i 5621674 |o 330.904 FER 2013 |p 5621674 |r 2025-01-20 |t 2 |w 2021-05-27 |y BK |k HIS | ||